Statistics for 2010s Hip-Hop Album Tracklists #1

Click here to take the quiz!

General Stats

  • This quiz has been taken 17 times
  • The average score is 23 of 69

Answer Stats

HintAnswer% Correct
8Devil In a New Dress
79%
3POWER
79%
5All of the Lights
71%
9Runaway
71%
4All of the Lights (Interlude)
64%
11Blame Game
64%
6Monster
64%
4SAD!
64%
10911 / Mr. Lonely
57%
1Dark Fantasy
57%
2Gorgeous
57%
10Hell of a Life
57%
4See You Again
57%
3Blue World
50%
1Circles
50%
4Good News
50%
3Moonlight
50%
7So Appalled
50%
5Who Dat Boy
50%
13Who Will Survive in America
50%
8Boredom
43%
1Foreword
43%
16Hope
43%
8infinity (888)
43%
12Lost in the World
43%
11Surf
43%
15changes
36%
2Complicated
36%
7Garden Shed
36%
6Pothole
36%
9That's On Me
36%
5the remedy for a broken heart (why am i so in love)
36%
14Enjoy Right Now, Today
29%
13Glitter
29%
8Hand Me Downs
29%
10Hands
29%
5I Can See
29%
12November
29%
7NUMB
29%
17schizophrenia
29%
2Where This Flower Blooms
29%
7Woods
29%
11Droppin' Seeds
21%
14Floating
21%
6Floor 555
21%
14I don't even speak spanish lol
21%
12Once A Day
21%
13Right
21%
3Sometimes...
21%
2ALONE, PART 3
14%
18before I close my eyes
14%
6Everybody
14%
9going down!
14%
9I Ain't Got Time!
14%
1introduction (instructions)
14%
12love yourself (interlude)
14%
10Pain = BESTFRIEND
14%
13SMASH!
14%
11Bye Storm
7%
4Footwork in a Forest Fire
7%
5Ground Zero
7%
10Knees
7%
1Outside
7%
9Postpostpartum
7%
6Smoke Don't Clear
7%
3SS San Francisco
7%
2Superman That
7%
7Top Picks for You
7%
8Wild Wild West
7%

Score Distribution

Percentile by Number Answered

Percent of People with Each Score

Your Score History

You have not taken this quiz